Регионална библиотека "Любен Каравелов" - Русе

Балканите в световната история (Запис номер 75827)

MARC детайли
000 -Лидер
Контролно поле с фиксирана дължина 01811nam a2200445 c 4500
003 - Код на организацията, давaща контролен номер
Контролно поле BLK
005 - Дата и час на последна редакция
Контролно поле 20230726005219.0
008 - Елементи от данни с фиксирана дължина
fixed length control field 180408b bul|||||r ||||||| ||bul||
010 ## - Наследен системен номер
LC control number KNG00080249000
020 ## - Международен стандартен номер на книга ISBN
Международен стандартен номер на книга ISBN 978-954-320-333-8
-- издат.: Рива
040 ## - Източник на каталожния запис
Идентификатор на билиотеката - собственик на записа BLK
041 ## - Код за език
Код за езика на текст/звукозапис или на отделно заглавие Български
Код за езика КДБФ Български
072 #7 - Код за тематичната категория
Код организация bullib
Код за тематична категория Н92
Текст История Н
080 ## - УДК
Текстов определител УДК История на балканските държави
УДК код - определител по УДК 94(497)
УДК определител
УДК - код + определител 94(497)
100 1# - Редна дума - Автор
Автор Вахтел, Андрю Барух
Авторска отговорност първи автор
R(LIN) 297621
139 ## - Редно поле
Редна дума Вахтел, Андрю Барух
Авторски знак Ватр - В 29
245 10 - Сведения за заглавието
Заглавие Балканите в световната история
Редно поле (дума) Андрю Барух Вахтел; прев. от англ. Велислава Вълчева Димитрова.
257 ## - Страна на издаване
Страна на създаване/издаване Съединени американски щати
260 ## - Област на издателските данни
-- София
Име на издателя, разпространителя и проч. Рива
Година на издаване 2010
Печатница В. Търново : Абагар
300 ## - Физическа характеристика
Страници 144 с.
Илюстрации и др. с к.
Размери/Мащаб 24 см
380 ## - Жанр
Жанр История
500 ## - Общи забележки
Забележка Ориг. загл. The Balkans in World History / Andrew Baruch Wachtel. - Библиогр. с. 137-139.
650 #4 - Допълнително описание по предмет – тема
Основно описание – тема или топоним Балкански полуостров - история
9 (RLIN) 259470
651 #7 - Допълнително описание по предмет - топоним
Географско понятие Балкански страни
Източник на редна или ключова дума
9 (RLIN) 178568
653 ## - Ключова дума – ненормативна
Ключова дума Балканите
653 ## - Ключова дума – ненормативна
Ключова дума история
653 ## - Ключова дума – ненормативна
Ключова дума балкански държави
653 ## - Ключова дума – ненормативна
Ключова дума праистория
653 ## - Ключова дума – ненормативна
Ключова дума Средновековие
653 ## - Ключова дума – ненормативна
Ключова дума османско владичество
653 ## - Ключова дума – ненормативна
Ключова дума нова история
659 ## - Тематичен бюлетин
Тематичен бюлетин Н
700 1# - Други автори (авторска отговорност)
Лично име Димитрова, Велислава Вълчева
Автороска отговорност (Описва отношението между автора и произведението) прев. от англ.
9 (RLIN) 371807
852 ## - Местоположение
Форматна сигнатура Цб 253420
856 4# - Електронен адрес и достъп
Електронен формат pdf - файл
Път до файла /url/
856 4# - Електронен адрес и достъп
Електронен формат pdf - файл
Път до файла /url/
942 ## - АРТИКУЛИ
Вид на библиотечния материал Книги
Скрит в OPAC Не
Koha issues (borrowed), all copies 2
944 ## - СЪЗДАВАНЕ И РЕДАКЦИЯ на ЗАПИСА
Създаване/Редакция Създаване
Дата на регистрацията/редакция 03.11.2011
Статус, дата на статуса CRON CRON
Служител, извършил регистрацията/редакцията
944 ## - СЪЗДАВАНЕ И РЕДАКЦИЯ на ЗАПИСА
Създаване/Редакция Редакция
Дата на регистрацията/редакция 11.09.2014
Статус, дата на статуса ф /
Служител, извършил регистрацията/редакцията
999 ## - СИСТЕМНИ КОНТРОЛНИ НОМЕРА
Koha biblionumber 75827
Koha biblioitemnumber 75827
Наличности
Код за отписване Код за изгубен артикул Код за повреда Коз за рестрикции Код за отдаване Артикулен № Име на библиотеката - собственик Име на библиотеката, в която се намира в момента Статус (Текущо местоположение) Дата на вписване в системата Местоположение - отдел Цена в лева Инвентарен номер Систематично азбучна сигнатура Баркод Номер на екземпляра Цена в евро Служебна бележка Служебен тип на артикула Източник на класификационната схема
  Не е изгубен Не е повреден без рестрикции ползва се в читалня 123243 Регионална библиотека "Любен Каравелов" Русе Регионална библиотека "Любен Каравелов" Русе Хранилище 2011-11-03 Хранилище 12.00 120000754050 Цб 253420 120000754050 1 6.14 Дост: Dp Вид: Д N: 12 Дата: 21.03.2011 Книги  
  Не е изгубен Не е повреден без рестрикции заемане за дома 123244 Регионална библиотека "Любен Каравелов" Русе Регионална библиотека "Любен Каравелов" Русе Заемна - подръчен фонд 2014-08-29 Заемна - подръчен фонд 12.00 120000779979 94(497)/В 29 120000779979 2 6.14 Дост: Pk Вид: Ф N: 408 Дата: 25.08.2014 Дата инв: 07.02.2018 Бележки инв: П2018 Книги Universal Decimal Classification
  Не е изгубен Не е повреден без рестрикции ползва се в читалня 123245 Регионална библиотека "Любен Каравелов" Русе Регионална библиотека "Любен Каравелов" Русе Читалня 2014-08-29 Читалня 12.00 120000779980 Ч 93/94/В 29 А 120000779980 3 6.14 Дост: Pk Вид: Ф N: 408 Дата: 25.08.2014 Дата инв: 28.03.2017 Бележки инв: Ч2017 Книги Universal Decimal Classification
Vip Innovations Ltd, Rousse, Bulgaria 2025